Welcome to CU Library Online Public Access Catalogue (OPAC)

Drawing Architecture (Record no. 276)

MARC details
000 -LEADER
fixed length control field 00495nam a22001697a 4500
005 - DATE AND TIME OF LATEST TRANSACTION
control field 20241028115711.0
008 - FIXED-LENGTH DATA ELEMENTS--GENERAL INFORMATION
fixed length control field 241028b |||||||| |||| 00| 0 eng d
020 ## - INTERNATIONAL STANDARD BOOK NUMBER
International Standard Book Number 9781118418796
050 ## - LIBRARY OF CONGRESS CALL NUMBER
Classification number NA2700
Item number .D78
245 ## - TITLE STATEMENT
Title Drawing Architecture
Statement of responsibility, etc. Helen Castle(editor); guest edited by Neil Spiller
260 ## - PUBLICATION, DISTRIBUTION, ETC.
Place of publication, distribution, etc. London
Name of publisher, distributor, etc. John Wiley & Sons
Date of publication, distribution, etc. 2013
300 ## - PHYSICAL DESCRIPTION
Extent 136pages
Other physical details ill. some color
Dimensions 27.5cm
650 ## - SUBJECT ADDED ENTRY--TOPICAL TERM
Source of heading or term architecture
700 ## - ADDED ENTRY--PERSONAL NAME
Personal name Castle, Helen
700 ## - ADDED ENTRY--PERSONAL NAME
Personal name Spiller, Neil
942 ## - ADDED ENTRY ELEMENTS (KOHA)
Source of classification or shelving scheme Library of Congress Classification
Koha item type Books
Suppress in OPAC No
999 ## -
-- 276
-- 276
Holdings
Withdrawn status Lost status Source of classification or shelving scheme Damaged status Not for loan Collection Home library Current library Shelving location Date acquired Total checkouts Full call number Barcode Date last seen Copy number Price effective from Koha item type
    Library of Congress Classification     Non-fiction Science Library (Miotso) Science Library (Miotso) General stacks 10/28/2024   NA2700 .D78 DRA SLM00000119 10/28/2024 1 10/28/2024 Books
    Library of Congress Classification     Non-fiction Science Library (Miotso) Science Library (Miotso) General stacks 10/28/2024   NA2700 .D78 DRA SLM00000120 10/28/2024 2 10/28/2024 Books
    Library of Congress Classification     Non-fiction Science Library (Miotso) Science Library (Miotso) General stacks 10/28/2024   NA2700 .D78 DRA SLM00000121 10/28/2024 3 10/28/2024 Books
    Library of Congress Classification     Non-fiction Science Library (Miotso) Science Library (Miotso) General stacks 10/28/2024   NA2700 .D78 DRA SLM00000122 10/28/2024 4 10/28/2024 Books
    Library of Congress Classification     Non-fiction Science Library (Miotso) Science Library (Miotso) General stacks 10/28/2024   NA2700 .D78 DRA SLM00000123 10/28/2024 5 10/28/2024 Books
© 2023-2024 Copyright: Central University Libraries. All Rights Reserved | Created by: Mahone Tech Office